000 00507nmm a2200169Ia 4500
008 251105s9999||||xx |||||||||||||||||und||
020 _a9788490731727
041 _aspa
100 _aBernal Llorente, José Manuel
245 0 _aAnáfora :
_b Aproximación a la Plegaria Eucarística
264 _a[Madrid, España] :
_bEditorial Verbo Divino,
_c2015
300 _a232 páginas
490 _aTeología
650 _aReligion(s)
856 _uhttps://public.digitaliapublishing.com/a/38508
942 _cCF
999 _c87841
_d87841